000 00499nam a2200181Ia 4500
001 19417
005 20260306172651.0
008 260306t2016||||xx |||||||||||||| ||spa||
041 _aESP
082 _a657.61
_bI61A 2016
100 _aInternational Financial Reporting Standards
_eAUT
245 0 _aNormas internacionales de información financiera:
_bemitidas a 13 de enero de 2016. Parte A
260 _c2016
300 _a
_c
650 _aGEN
654 _aCCO
942 _cLIB
_dJUS
_fJUS
_2ddc
_n
999 _c19417
_d19417